000 00717nam0a22002411 4500
001 rc\908993
005 20250622040635.0
035 _a(NLR Aleph) 006083868
090 _a5109370
_c5109370
100 _a20041129d1984 |||y0rusy50 ca
101 0 _arus
102 _aRU
105 _aa |||||||||
200 1 _aВоспитание творчеством
210 _aПермь
_cКн. изд-во
_d1984
215 _a91 с.
_cил.
_d17
300 _aНа обороте тит. л.: авт. - засл. работник культуры
700 1 _aФутлик
_bЛ.И.
_gЛев Иудович
801 0 _aRU
_bNLR
_gpsbo
801 1 _aRU
_bELAR
_2rusmarc
852 _aNLR
_j84-2/3197
942 _cBOOK
980 _aNB